Organic chemistry: volume 2: stereochemistry and the chemistry natural products

Gorde:
Xehetasun bibliografikoak
Egile nagusia: FINAR, I.L
Formatua: Liburua
Hizkuntza:ingelesa
Argitaratua: Pearson Education 2013
Etiketak: Etiketa erantsi
Etiketarik gabe, Izan zaitez lehena erregistro honi etiketa jartzen!

MARC

LEADER 00000nam a22000007a 4500
008 210122b ||||| |||| 00| 0 eng d
020 |a  978-81-775-8541-4 
100 |a FINAR, I.L. 
245 |a Organic chemistry: volume 2: stereochemistry and the chemistry natural products 
250 |b  5th ed  |c Noida, 
260 |b Pearson Education  |c  2013  |h  India  |l QD251 .F49 
942 |a lcc  |c BK  |e j o ifatola  |f 22/1/2021 
952 |0 0  |1 0  |2 lcc  |4 0  |6 QD0251 F49  |7 0  |9 1443  |a HOL  |b HOL  |c QZ  |d 2021-01-22  |l 0  |o QD251 .F49  |p 2021-0240  |r 2021-01-22 00:00:00  |w 2021-01-22  |y BK 
999 |c 753  |d 753